| 000 | 01357nam a2200349Ia 4500 | ||
|---|---|---|---|
| 001 | ebr10326951 | ||
| 003 | CaPaEBR | ||
| 006 | m u | ||
| 007 | cr cn||||||||| | ||
| 008 | 960827s1996 enka sb 001 0 eng d | ||
| 010 | _z 96069872 | ||
| 020 | _z9780761951810 | ||
| 020 | _z0761951806 | ||
| 020 | _z0761951814 (pbk.) | ||
| 040 |
_aCaPaEBR _cCaPaEBR |
||
| 035 | _a(OCoLC)464667143 | ||
| 050 | 1 | 4 |
_aHD30.2 _b.M365 1996eb |
| 245 | 0 | 0 |
_aManaging knowledge _h[electronic resource] : _bperspectives on cooperation and competition / _cedited by Georg von Krogh and Johan Roos. |
| 260 |
_aLondon ; _aThousand Oaks, CA : _bSage Publications, _c1996. |
||
| 300 |
_aix, 235 p. : _bill. |
||
| 504 | _aIncludes bibliographical references and index. | ||
| 533 |
_aElectronic reproduction. _bPalo Alto, Calif. : _cebrary, _d2009. _nAvailable via World Wide Web. _nAccess may be limited to ebrary affiliated libraries. |
||
| 650 | 0 |
_aInformation technology _xManagement. |
|
| 650 | 0 | _aOrganizational learning. | |
| 650 | 0 | _aCommunication in management. | |
| 650 | 0 | _aCompetition. | |
| 655 | 7 |
_aElectronic books. _2local |
|
| 700 | 1 | _aVon Krogh, George. | |
| 700 | 1 | _aRoos, Johan. | |
| 710 | 2 | _aebrary, Inc. | |
| 856 | 4 | 0 |
_uhttp://site.ebrary.com/lib/rucke/Doc?id=10326951 _zAn electronic book accessible through the World Wide Web; click to view |
| 999 |
_c56143 _d56143 |
||